Подробности
| 000 -МАРКЕР |
| контрольное поле |
01611nam2a2200301 4500 |
| 001 - ИДЕНТИФИКАТОР ЗАПИСИ |
| контрольное поле |
rc\3021500 |
| 005 - ИДЕНТИФИКАТОР ВЕРСИИ |
| контрольное поле |
20260406001234.0 |
| 035 ## - ДРУГИЕ СИСТЕМНЫЕ НОМЕРА |
| Идентификатор записи |
(NLR Aleph) 007163394 |
| 100 ## - ДАННЫЕ ОБЩЕЙ ОБРАБОТКИ |
| Данные общей обработки |
20110927d1936 |||y0rusy50 ca |
| 101 0# - ЯЗЫК РЕСУРСА |
| Язык текста, звукозаписи и т.д. |
русский |
| 102 ## - СТРАНА ПУБЛИКАЦИИ ИЛИ ПРОИЗВОДСТВА |
| Страна публикации |
Российская Федерация |
| 105 ## - ПОЛЕ КОДИРОВАННЫХ ДАННЫХ: ТЕКСТОВЫЕ МАТЕРИАЛЫ, МОНОГРАФИЧЕСКИЕ |
| Кодированные данные о монографическом текстовом документе |
y z ||||| |
| 200 1# - ЗАГЛАВИЕ И СВЕДЕНИЯ ОБ ОТВЕТСТВЕННОСТИ |
| Основное заглавие |
Аграрный вопрос и крестьянское движение 50-70-х годов XIX в. |
| Первые сведения об ответственности |
[сост., примеч.: И. Л. Морозов |
| Последующие сведения об ответственности |
ред. акад. В. П. Волгин] |
| 210 ## - ПУБЛИКАЦИЯ, РАСПРОСТРАНЕНИЕ И ДР. |
| Дата издания, распространения и т.д. |
1936 |
| Место издания, распространения и т.д. |
Б. м. |
| 215 ## - ФИЗИЧЕСКАЯ ХАРАКТЕРИСТИКА |
| Специфическое обозначение материала и объем |
LXXIX, 512 с. |
| 225 1# - СЕРИЯ |
| Основное заглавие серии |
... |
| Обозначение или номер части |
т. 16 |
| Наименование части |
... |
| Обозначение тома |
вып. 6 |
| 320 ## - ПРИМЕЧАНИЯ О НАЛИЧИИ В ДОКУМЕНТЕ БИБЛИОГРАФИИ / УКАЗАТЕЛЯ |
| Текст примечания |
Библиогр. в примеч.: с. 437-481 и в подстроч. примеч. |
| 320 ## - ПРИМЕЧАНИЯ О НАЛИЧИИ В ДОКУМЕНТЕ БИБЛИОГРАФИИ / УКАЗАТЕЛЯ |
| Текст примечания |
Указ. личных имен: с. 487-512 |
| 461 #0 - УРОВЕНЬ НАБОРА |
| Встроенное поле |
001rc\3021499 |
| -- |
2001#$aТатарская АССР. Материалы по истории Татарии второй половины XIX века$vЧ. 1 |
| Системный номер (АБИС) связанной записи |
7272097 |
| Место публикации |
Москва |
| Дата публикации |
1936 |
| Имя издателя, распространителя и т.д. |
Изд-во Академии наук СССР |
| Заглавие |
Татарская АССР. Материалы по истории Татарии второй половины XIX века |
| Номер тома |
Ч. 1 |
| 702 #1 - ИМЯ ЛИЦА - ВТОРИЧНАЯ ОТВЕТСТВЕННОСТЬ |
| Код отношения |
Составитель |
| Графика поля |
Кириллица |
| Материалы, к которым относится поле |
rus |
| Начальный элемент ввода |
Морозов |
| Часть имени, кроме начального элемента ввода |
И. Л. |
| Дополнения к именам, кроме дат |
историк |
| Системный номер авторитетной/нормативной записи |
256804 |
| Идентификатор авторитетной/нормативной записи |
RU\NLR\AUTH\770256860 |
| 702 #1 - ИМЯ ЛИЦА - ВТОРИЧНАЯ ОТВЕТСТВЕННОСТЬ |
| Код отношения |
Редактор |
| Графика поля |
Кириллица |
| Материалы, к которым относится поле |
rus |
| Начальный элемент ввода |
Волгин |
| Часть имени, кроме начального элемента ввода |
В. П. |
| Дополнения к именам, кроме дат |
д-р ист. наук, обществ. деятель |
| Даты |
1879-1962 |
| Расширение инициалов личного имени |
Вячеслав Петрович |
| Системный номер авторитетной/нормативной записи |
93697 |
| Идентификатор авторитетной/нормативной записи |
RU\NLR\AUTH\77110772 |
| 801 #0 - ИСТОЧНИК ЗАПИСИ |
| Страна |
Российская Федерация |
| Организация |
NLR |
| Правила каталогизации |
psbo |
| 801 #1 - ИСТОЧНИК ЗАПИСИ |
| Страна |
Российская Федерация |
| Организация |
ELAR |
| Источник данных |
rusmarc |
| 852 ## - МЕСТОНАХОЖДЕНИЕ И ШИФР ХРАНЕНИЯ |
| Идентификатор организации |
NLR |
| Шифр хранения (Call Number) |
32-15/376(6) |
| 942 ## - ДОПОЛНИТЕЛЬНЫЕ ЭЛЕМЕНТЫ ЗАПИСИ (АБИС) |
| Тип экземпляра АБИС |
Книга |
| 980 ## - КОЛЛЕКЦИЯ |
| Название коллекции |
Национальная библиография |